000 00371nam a2200157Ia 4500
999 _c6181
_d6181
003 OSt
005 20190921160258.0
008 190906s9999||||xx |||||||||||||| ||und||
020 _a978-0201000238
040 _cmaju
100 _aAho, Hopcroft, Ullman
245 0 _aData Structures And Algorithms
260 _aUSA
_bMcGraw-Hill
_c2000
300 _a427
942 _cBK
_2ddc